000 00651nam a2200169Ia 4500
003 GCL
008 140319s9999 xx 000 0 ara d
040 _aGCL /
_cGCL
082 0 4 _a832
_bل م
100 1 _aمصطفى ماهر
_vAnnotator
_@
…علق \\=aلسينج، جونهولد افرايمv
245 1 0 _aمينافون بارنهلم /
_cمصطفى ماهر
490 _aروائع المسرح العالمى
_v0
650 0 4 _aالادب الالمانى
650 0 4 _aالمسرحيات الالمانية
650 0 4 _aالمسرحيات الالمانية المترجمة
942 _2ddc
_cBK
999 _c49417
_d49417